| 000 | 01816nam1a22002771i 4500 | ||
|---|---|---|---|
| 001 | rc\2513940 | ||
| 005 | 20260407132053.0 | ||
| 035 | _a(NLR Aleph) 006720962 | ||
| 090 |
_a5442914 _c5442914 |
||
| 100 | _a20110830g1978 |||y0rusy50 ca | ||
| 101 | 0 | _arus | |
| 102 | _aRU | ||
| 105 | _a z ||||| | ||
| 200 | 1 |
_aВременные методические рекомендации по использованию спутниковой информации в оперативной практике гидрометслужбы _fГл. упр. гидрометеорол. службы при Совете Министров СССР. Гос. гидрол. ин-т |
|
| 210 |
_aЛенинград _cГидрометеоиздат _d1978- |
||
| 215 | _d21 | ||
| 300 | _aЗагл. Вып. 3: Временные методические рекомендации по использованию спутниковой информации | ||
| 300 | _aНадзаг Вып. 2: Гос. гидрол. ин-т, Гос. н.-и. центр изуч. природ. ресурсов, Зап.-Сиб. н.-и. гидрометеорол. ин-т, Среднеаз. регион. н.-и. гидрометеорол. ин-т; Вып. 3: Гос. ком. СССР по гидрометеорологии и контролю природ. среды, Гос. гидрол. ин-т | ||
| 517 | 0 | _aВременные методические рекомендации по использованию спутниковой информации | |
| 686 |
_aД23с141.271я8 _2rubbk |
||
| 712 | 0 | 2 |
_aГидрологический институт _cЛенинград _9475080 _3RU\NLR\AUTH\889989782 |
| 801 | 0 |
_aRU _bNLR _gpsbo |
|
| 801 | 1 |
_aRU _bELAR _2rusmarc |
|
| 852 |
_aNLR _jDesideratum |
||
| 899 |
_aRuMoRGB _jM 78-5/50 |
||
| 942 | _cBOOK | ||